<?xml version="1.0" encoding="UTF-8"?>
<collection xmlns="http://www.loc.gov/MARC21/slim">
 <record>
  <leader>01074pam a22003378a 4500</leader>
  <controlfield tag="001">00036267</controlfield>
  <controlfield tag="008">170222s2017                  ||||||Viesd</controlfield>
  <controlfield tag="005">20171026081025.0</controlfield>
  <datafield tag="020" ind1="#" ind2="#">
   <subfield code="a">9786041098268</subfield>
  </datafield>
  <datafield tag="041" ind1="0" ind2="#">
   <subfield code="a">Vie</subfield>
  </datafield>
  <datafield tag="082" ind1="1" ind2="4">
   <subfield code="a">895.922 803</subfield>
   <subfield code="b">Đ452Đ</subfield>
  </datafield>
  <datafield tag="100" ind1="1" ind2="#">
   <subfield code="a">Trần, Anh Điền</subfield>
  </datafield>
  <datafield tag="245" ind1="0" ind2="0">
   <subfield code="a">Đổi đời</subfield>
   <subfield code="c">Trần Anh Điền; Trọng Quý (thể hiện)</subfield>
   <subfield code="b">Hồi ký Trần Anh Điền</subfield>
  </datafield>
  <datafield tag="260" ind1="#" ind2="#">
   <subfield code="a">TP. Hồ Chí Minh</subfield>
   <subfield code="b">Trẻ</subfield>
   <subfield code="c">2017</subfield>
  </datafield>
  <datafield tag="300" ind1="#" ind2="#">
   <subfield code="a">269 tr.</subfield>
   <subfield code="c">23 cm.</subfield>
  </datafield>
  <datafield tag="653" ind1="#" ind2="#">
   <subfield code="a">Cuộc đời</subfield>
  </datafield>
  <datafield tag="653" ind1="#" ind2="#">
   <subfield code="a">Hồi ký</subfield>
  </datafield>
  <datafield tag="653" ind1="#" ind2="#">
   <subfield code="a">Văn học Việt Nam</subfield>
  </datafield>
  <datafield tag="700" ind1="1" ind2="#">
   <subfield code="a">Trọng, Quý</subfield>
   <subfield code="e">Thể hiện</subfield>
  </datafield>
  <datafield tag="852" ind1="#" ind2="#">
   <subfield code="b">Kho mượn</subfield>
   <subfield code="j">KM.0020595, KM.0020596, KM.0020597, KM.0020598, KM.0020599</subfield>
  </datafield>
  <datafield tag="852" ind1="#" ind2="#">
   <subfield code="b">Kho đọc</subfield>
   <subfield code="j">KD.0019569</subfield>
  </datafield>
  <datafield tag="852" ind1="#" ind2="#">
   <subfield code="j">KD.0019569</subfield>
   <subfield code="j">KM.0020596</subfield>
   <subfield code="j">KM.0020597</subfield>
   <subfield code="j">KM.0020599</subfield>
   <subfield code="j">KM.0020595</subfield>
   <subfield code="j">KM.0020598</subfield>
  </datafield>
  <datafield tag="910" ind1=" " ind2=" ">
   <subfield code="d">22/02/2017</subfield>
  </datafield>
  <datafield tag="980" ind1="#" ind2="#">
   <subfield code="a">Trung tâm Học liệu Lê Vũ Hùng, Trường Đại học Đồng Tháp</subfield>
  </datafield>
 </record>
</collection>
